000 00637nam a2200253Ia 4500
003 OSt
005 20221006142753.0
006 a|||||r|||| 00| 0
007 ta
008 221006b |||||||| |||| 00| 0 eng d
020 _c803.25
024 _a7,154
037 _cTextual
040 _aEASL
_cEASL
_beng
041 _2eng
_aeng
082 _aY31.41.N7, N0
100 _aMao Zedong
_9648409
245 0 _aReport from Xunwu
260 _aStanford
_bStanford University Press
_c1990
300 _a278p.
_ccm.
490 _v CEL
942 _hY31.41.N7, N0
_cTEXL
_2CC
999 _c1075240
_d1075240